000 00679nam a22002297a 4500
005 20210414083300.0
008 201110s2019 ||||| |||| 00| 0 eng d
020 _a9781506236582
040 _aeng
_cDLC
041 _aeng
080 _a612
_bK-20
245 _aUSMLE: Step 1
_b: Lecture Notes 2019, Physiology
_c/ by Kaplan Medical: Edited by L. Britt Wilson Phd,
260 _aNew York
_bKaplan Medical
_c2019
300 _a425 pages
650 0 _9129
_aPhysiology
650 0 _969
_aMedicine
650 0 _972
_aUSMLE STEP 1
700 _925
_aWilson, Britt. L. PhD
710 _926
_aDasgupta, Raj MD, FACP, FCCP, FAASM
711 _927
_aNoto, P. Frank MD
942 _2udc
_cBK
999 _c101
_d101